000 00335nam a2200133Ia 4500
005 20251222143141.0
008 251222s9999||||xx |||||||||||||| ||spa||
020 _a84-205-2980-X
082 _a005.73/H43
100 _aHernández, Roberto
245 0 _aEstructuras de datos y algoritmos
264 _bPearson Educación
942 _cLIB
999 _c12319
_d12319